000 01013nam a22002175i 4500
001 163162
003 ES-MaACL
005 20250723094647.0
008 950206m18501853fr a |||| | spa d
040 _aCLM
_bspa
_cCCPB | PA2
100 1 _aRegnault, Valère (
_d1810-1878)
_9131662
245 1 0 _aCurso elemental de química para el uso de las universidades, colegios y escuelas especiales /
_cescrito en francés por V. Regnault ; traducido de la segunda y última edicion francesa, aumentado y publicado con la anuencia y cooperacion del autor por Gregorio Verdú.
260 _aParis :
_b[s.n.],
_c1850-1853 (
_fImprenta de Crapelet)
300 _a4 v. :
_bil. ;
_c19 cm.
596 _aEl t. IV impreso en la Imp. de C. Lahure, antigua casa Crapelet.
597 _aVol. I (XII, 415 p.) -- vol. II (407 p.) -- vol. III (466 p.) -- vol. IV (541 p.)
650 0 7 _aQuímica
_2embne
_916625
700 1 _aVerdú, Gregorio.
_9133636
852 _aES-MaACL
_jG-9696-99
_z-- Enc. hol.
999 _c163162
_d163162